000 00301nam a22001337a 4500
008 170320b xxu||||| |||| 00| 0 eng d
020 _a252723147
041 _aeng
080 _a616.8
100 _a7
101 _aSHM
245 _aAPPROACHES TO THE STUDY OF APHASIA
_cOSGOOD, CH.E
942 _2udc
_cBK
999 _c8102
_d8102